| 000 | 00397nam a2200157Ia 4500 | ||
|---|---|---|---|
| 008 | 210719s2001 xx 000 0 und d | ||
| 041 | _aeng | ||
| 082 | _a510.02 BOSM | ||
| 100 | _aBOSCO (S S) | ||
| 245 | _aMathematics tutor for common entrance. Rev Ed. | ||
| 260 |
_aMangalore. _c2001 |
||
| 300 |
_axvi,358,M-366 _bPB |
||
| 365 |
_b226 _cRs |
||
| 650 | _aMaths Entrance | ||
| 906 | _aCET maths | ||
| 999 |
_c213647 _d213647 |
||